LEADER 01206nam0-22003251i-450- 001 990008101500403321 005 20050429114545.0 010 $a88-8011-049-7 035 $a000810150 035 $aFED01000810150 035 $a(Aleph)000810150FED01 035 $a000810150 100 $a20050429d1994----km-y0itay50------ba 101 0 $aita 102 $aIT 105 $ay---n----00yy 200 1 $aProblemi di edizione e di interpretazione nei testi grammaticali latini$eatti del colloquio internazionale, Napoli 10-11 dicembre 1991$fa cura di Luigi Munzi 210 $aRoma$cGEI$dİ1994 215 $a282 p.$d24 cm 311 $aA.I.O.N.: Annali dell'Istituto Universitario Orientale di Napoli / Dipartimento di studi del mondo classico e del mediterraneo antico. Sez. filologico-letteraria 14 (1992) 610 0 $aGrammatici latini$aOpere$aEdizioni critiche$aCongressi$aNapoli$a1991 676 $a475 702 1$aMunzi,$bLuigi 801 0$aIT$bUNINA$gRICA$2UNIMARC 901 $aBK 912 $a990008101500403321 952 $aP2E-NAPOLI-P.E.I.T.G.L.-1991$fFLFBC 959 $aFLFBC 996 $aProblemi di edizione e di interpretazione nei testi grammaticali latini$996299 997 $aUNINA